Annual report and accounts, 1958-59 (Record no. 503682)

000 -LEADER
fixed length control field 00423cam a22001217a 4500
008 - FIXED-LENGTH DATA ELEMENTS--GENERAL INFORMATION
fixed length control field 180718b1959 xxu||||| |||| 00| 0 eng d
082 ## - DEWEY DECIMAL CLASSIFICATION NUMBER
Classification number A45:Y26x71 1953-54
100 ## - MAIN ENTRY--PERSONAL NAME
Personal name United Kingdom. National Coal Board
245 ## - TITLE STATEMENT
Title Annual report and accounts, 1958-59
Statement of responsibility, etc. by National Coal Board
260 ## - PUBLICATION, DISTRIBUTION, ETC.
Place of publication, distribution, etc. London
Name of publisher, distributor, etc. Her Majesty's Stationery Office
Date of publication, distribution, etc. 1959
300 ## - PHYSICAL DESCRIPTION
Extent 153p.
500 ## - GENERAL NOTE
General note Library has Vol. II: Accounts & Statistical Tables
Holdings
Withdrawn status Lost status Damaged status Not for loan Permanent Location Current Location Date acquired Full call number Barcode Date last seen Price effective from Koha item type
        Indian Institute of Public Administration Indian Institute of Public Administration 2018-08-04 A45:Y26x71 1953-54 GG32675 2018-08-04 2018-08-04 GG

Powered by Koha